Príspevok k otázkam zvárania ocelí rozdielneho chemického zloženia

Bibliographic Details
Main Author: Adamka, Jozef, 1930-2000 (Author)
Format: Article
Language:Slovak

MARC

LEADER 00000nab a2200000uu 4500
001 vtls011504320
003 SK-MaSNL
005 20260303155454.0
008 230222|1970 xo |||||||||||||||||slo|
015 |a SNBRB 
035 |a (urnnbn)urn:nbn:sk:snk:ar-a0ajrw 
035 |a (uuid)c1300bc8-3ad8-4d57-a1df-474e6d00cca8 
035 |a urn:nbn:sk:snk-abdxzv 
040 |a SNKBUCL  |b slo  |c SNKBUCL  |e AACR2 
041 0 |a slo 
044 |a xo  |c SK 
100 1 |a Adamka, Jozef,  |d 1930-2000  |4 aut  |9 37243 
245 1 0 |a Príspevok k otázkam zvárania ocelí rozdielneho chemického zloženia  |c Jozef Adámka 
773 0 |t Zváranie : odborný časopis československých zváračov  |g Roč. 19, č. 3 (1970), s. 68-74 
954 |a odborná, vedecká literatúra pôvodná (slovenská)  |2 lita 
958 |a OND 
958 |a EUIPO 
958 |a article20 
999 |c 2040468  |d 2042398